Państwa największych miast świata - Statystyki

Ogólne statystyki
  • Ten quiz został rozwiązany 101 razy
  • Średni wynik to 32 z 35
Statystyki odpowiedzi
Hint Odpowiedź % Poprawnych
Buenos Aires Argentyna
100%
Berlin Niemcy
100%
Chicago Stany Zjednoczone
100%
Los Angeles Stany Zjednoczone
100%
Nowy Jork Stany Zjednoczone
100%
San Francisco Stany Zjednoczone
100%
Waszyngton Stany Zjednoczone
100%
Rio de Janeiro Brazylia
98%
Sao Paulo Brazylia
98%
Kanton Chiny
98%
Pekin Chiny
98%
Szanghaj Chiny
98%
Madryt Hiszpania
97%
Osaka Japonia
97%
Tokio Japonia
97%
Moskwa Rosja
97%
Londyn Wielka Brytania
97%
Meksyk Meksyk
96%
Rzym Włochy
96%
Paryz Francja
94%
Bombaj Indie
94%
Delhi Indie
94%
Kalkuta Indie
94%
Singapur Singapur
94%
Sydney Australia
93%
Kair Egipt
93%
Stambuł Turcja
93%
Seul Korea Południowa
91%
Teheran Iran
85%
Johannesburg RPA
82%
Dżakarta Indonezja
81%
Manila Filipiny
72%
Dhaka Bangladesz
67%
Lagos Nigeria
66%
Karaczi Pakistan
63%
Nie znaleziono quizów pasujących do podanych kryteriów
Rozkład punktacji
Procent ludzi z każdym wynikiem
Percentyl według liczby udzielonych odpowiedzi
Twoja historia wyników
Nie rozwiązałeś tego quizu